Music Quiz

Random Music or Album Quiz
Score 0/20 Timer 04:00
12 Plays Today
Band M or F? % Correct
The Who???
91.5%
The Beach Boys???
91.2%
Dire Straits???
76.5%
The Traveling Wilburys???
76.3%
Blind Faith???
71.3%
Nirvana???
70.4%
The Clash???
69.7%
Buddy Holly and the Crickets???
68.8%
The Doors???
68.1%
Hole???
64.7%
Band M or F? % Correct
The Jimi Hendrix Experience???
64.7%
Buffalo Springfield???
64.6%
The Monkees???
63%
The Sex Pistols???
62.5%
The White Stripes???
62%
Cream???
61.1%
Toto???
56.5%
OutKast???
54.8%
Rage Against the Machine???
42%
The Turtles???
41.2%
Remove Ads.
Support Sporcle.
Get the best of Sporcle when you Go Orange. This ad-free experience offers more features, more stats, and more fun while also helping to support Sporcle. Thank you for becoming a member.

You're not logged in!

Compare scores with friends on all Sporcle quizzes.
OR
Log In

Show Comments

Extras

Top Quizzes Today


Score Distribution

Your Account Isn't Verified!

In order to create a playlist on Sporcle, you need to verify the email address you used during registration. Go to your Sporcle Settings to finish the process.

Report this User

Report this user for behavior that violates our Community Guidelines.

Details: